000 004860000a22001810004500
020 _a0-87239-441-7
041 0 _aENG
082 0 4 _aG 260 E471c
100 1 _aEllis, Joe S.
245 1 0 _aThe church on purpose : Keys to effective church leadership / Joe S. Ellis
260 _aCincinnati, Ohio, USA : Standard
300 _a222 Pag
001 6683
942 _cBK
999 _c36951
_d36951
336 _atexto
_btxt
_2rdacontent
337 _2rdamedia
_asin mediación
_bn
338 _2rdacarrier
_avolumen
_bnc